000 00645nam a2200265Ia 4500
005 20260121170332.0
008 008 260114s9999 xx 000 0 eng d
020 _a9789811057892
037 _aEBOOK
040 _aCRL
040 _beng
040 _cCRL
041 _2eng
041 _aeng
084 _qCRL
100 _aVijay P Singh, Shalini Yadav, Ram Narayan Yadava
_91062641
245 0 _aGroundwater
260 _bSpringer
260 _bSpringer
260 _c2018
856 _uhttps://link.springer.com/openurl?genre=book&isbn=978-981-10-5789-2
942 _cEBOOK
999 _c1628370
_d1628370